Reforma de los procesos de nulidad y otras novedades legislativas de Derecho cann̤ico y eclesis̀tico del Estado

Detalles Bibliográficos
Autor principal: Guzmǹ Přez, Cristina
Formato: eBook
Lenguaje:español
Publicado: Madrid: Dykinson, 2017
Materias:
Acceso en línea:Acceso restringido

MARC

LEADER 00000nam a22000007a 4500
005 20171030182530.0
007 cr|||| ||||
008 171030s2017 sp |||||s|||| 00||0 spa d
020 |a 978-84-9148-087-7 
035 |a 20787 
040 |a vLex 
090 |c 7166  |d 7166 
100 1 |a Guzmǹ Přez, Cristina 
245 1 0 |a  Reforma de los procesos de nulidad y otras novedades legislativas de Derecho cann̤ico y eclesis̀tico del Estado  |h [Recurso electrn̤ico] /  |c Cristina Guzmǹ Přez  
256 |a Servicio en ln̕ea 
260 |a Madrid:  |b Dykinson,  |c 2017 
300 |a 1 recurso electrn̤ico 
500 |a Actas de las XXXVI Jornadas de Actualidad Cann̤ica, organizadas por la Asociacin̤ Espaǫla de Canonistas y celebradas en Madrid, los da̕s 30 y 31 de marzo y 1 de abril de 2016. 
506 1 |a Disponible solo en los productos indicados  |d vLex Global  |d vLex Global (Academic Edition, excluding Law Schools)  |d vLex Global (U.S. Academic Edition, Law Schools)  |d vLex Global (U.S. Academic Edition, excluding Law Schools)  |d vLex Global (Academic Edition, Law Schools) 
650 0 4 |a Derecho civil  |z Espaą 
650 0 4 |a Familia y Sucesiones  |z Espaą 
740 0 |a vLex Libros (Servicio en ln̕ea) 
856 4 0 |u http://vlex.com/source/reforma-de-los-procesos-de-nulidad-y-otras-novedades-legislativas-de-derecho-canonico-y-eclesiastico-del-estado-20787  |z Acceso restringido 
942 |c BOOK 
999 0 |a Civil law 
999 0 |a Family